| 000 | 00497 a2200169 4500 | ||
|---|---|---|---|
| 003 | Nust | ||
| 005 | 20170207153426.0 | ||
| 040 | _cNust | ||
| 082 | _a005.1 | ||
| 100 | _aAizaz, NC Muhammad Fahad BESE-07 | ||
| 245 |
_aSelf evolving intelligent system for classifying numerous retinal diseases (Hard / Softcopy) _cNC Syed Muhammad Fahad Aizaz & NC Saad Arif BESE-07 |
||
| 260 |
_bMCS _c2005 |
||
| 300 | _a51 p | ||
| 538 | _aAlmirah No.71 Shelf No.4 | ||
| 650 | _aUG Projects | ||
| 651 | _aUG CS Projects | ||
| 942 | _cTHS | ||
| 999 |
_c185940 _d185940 |
||